000
00340 a2200169 4500
001
59776
020
_a
8501155055
040
_c
Anchieta - Pituba
100
_a
Nabokov, Vladimir
240
1
0
_a
Lolita
_l
por
245
1
0
_a
Lolita
300
_a
356
362
0
_a
0
440
1
_a
Record
650
4
_a
Ficção norte-americana
942
_c
BK
999
_c
59776
_d
59776